Largest to Smallest All U.S. States By Land Area - Statistics

General Stats
  • This quiz has been taken 402 times
  • The average score is 23 of 50
Answers on the Map
Answers color-coded by a green-red scale on the quiz's map according to % correct below.
 
Answer Stats
Size In Square KM Answer % Correct
1,723,337 Alaska
100%
695,662 Texas
100%
423,972 California
99%
380,831 Montana
99%
314,917 New Mexico
90%
295,234 Arizona
86%
286,380 Nevada
86%
269,601 Colorado
85%
254,799 Oregon
82%
253,335 Wyoming
78%
250,487 Michigan
59%
216,443 Idaho
57%
225,163 Minnesota
57%
219,882 Utah
56%
213,100 Kansas
51%
200,330 Nebraska
49%
199,729 South Dakota
47%
184,661 Washington
45%
183,108 North Dakota
44%
181,037 Oklahoma
44%
170,312 Florida
43%
180,540 Missouri
41%
169,635 Wisconsin
39%
153,910 Georgia
36%
149,995 Illinois
36%
145,746 Iowa
34%
141,297 New York
34%
4,001 Rhode Island
33%
139,391 North Carolina
32%
135,767 Alabama
31%
6,446 Delaware
31%
137,732 Arkansas
30%
14,357 Connecticut
29%
135,659 Louisiana
29%
125,438 Mississippi
29%
22,591 New Jersey
29%
116,098 Ohio
29%
119,280 Pennsylvania
29%
28,313 Hawaii
27%
94,326 Indiana
27%
32,131 Maryland
27%
27,336 Massachusetts
27%
24,214 New Hampshire
27%
91,633 Maine
26%
82,933 South Carolina
26%
24,906 Vermont
26%
110,787 Virginia
26%
62,756 West Virginia
26%
104,656 Kentucky
25%
109,153 Tennessee
25%
No matching quizzes found
Score Distribution
Percent of People with Each Score
Percentile by Number Answered
Your Score History
You have not taken this quiz